Un ejercicio de tipificación de la relación trabajo y familia /

Αποθηκεύτηκε σε:
Λεπτομέρειες βιβλιογραφικής εγγραφής
Κύριος συγγραφέας: Román-Reyes, Patricia
Μορφή: Κείμενο
Ετικέτες: Προσθήκη ετικέτας
Δεν υπάρχουν, Καταχωρήστε ετικέτα πρώτοι!

MARC

LEADER 00000 a a2200000 04500
001 48030
003
040
090 |a REV1520 19(78) 2013  
100 |a Román-Reyes, Patricia  
245 |a Un ejercicio de tipificación de la relación trabajo y familia /  |c Patricia Román-Reyes  
773 |g volumen19, número78, (2013), páginas 141-165  
999 |c 26013  |d 26013